| 000 | 00964nam a22003377a 4500 | ||
|---|---|---|---|
| 003 | CHAP | ||
| 005 | 20220817042456.0 | ||
| 008 | 971013s1956 r 00010 d | ||
| 010 | _a45786 | ||
| 011 | _a46758 | ||
| 035 | _a50899 | ||
| 040 | _cCHAP | ||
| 082 |
_a641.12 _bF36 |
||
| 110 | _aFAO | ||
| 245 | _aProtein malnutrition in Brazil | ||
| 260 |
_aRome : _bFAO, _c1956 |
||
| 300 | _a40 p. | ||
| 490 |
_aFAO. Estudios sobre nutrición _v; 14 |
||
| 590 |
_aBATCH-UPD _b10 _c20130110 _lUCH01 _h1756 |
||
| 590 |
_aBATCH-UPD _b10 _c20130410 _lUCH01 _h1133 |
||
| 590 |
_aBATCH-UPD _b10 _c20130914 _lUCH01 _h1843 |
||
| 590 |
_aCONVERSION _b10 _c20130109 _lUCH01 _h1325 |
||
| 650 | 1 | 4 |
_aNutrición. _982246 |
| 650 | 1 | 4 |
_aProteínas. _992446 |
| 700 | 0 |
_aVergara, A. _9118897 |
|
| 700 | 0 |
_aWaterlow, J. _9121166 |
|
| 830 | 0 |
_aFAO. Estudios sobre nutrición _v; 14 _939552 |
|
| 901 | _aBK | ||
| 942 | _cLIBRO | ||
| 949 |
_a641.12 F36 _bBC _cFAO _d-114224 _eFAO1 _i50899 _si |
||
| 999 |
_c45786 _d45786 |
||